000 00381nam a2200169Ia 4500
003 OSt
005 20240207115645.0
008 170619s9999 xx 000 0 und d
020 _a9780070700710
040 _cIIMT ENGINEERING COLLEGE
100 _aSamuelson P A
245 0 _aEconomics
260 _bNew Delhi T M H
260 _c2001
546 _aENGLISH
942 _2ddc
_c02
999 _c21823
_d21823